ბათუმის შოთა რუსთაველის სახელმწიფო უნივერსიტეტის ბიბლიოთეკა

Risk management for Small and medium sized incoming tour operators (ბიბ.ჩანაწერი № 45129)

000 -LEADER
fixed length control field 00648nam a2200241Ia 4500
001 - CONTROL NUMBER
control field 11952
003 - CONTROL NUMBER IDENTIFIER
control field GE_BSU
008 - FIXED-LENGTH DATA ELEMENTS--GENERAL INFORMATION
fixed length control field 181216s||||||||xx |||||||||||||| ||und||
020 ## - INTERNATIONAL STANDARD BOOK NUMBER
International Standard Book Number 9783640561896
040 ## - CATALOGING SOURCE
Transcribing agency GE_BSU
080 ## - UNIVERSAL DECIMAL CLASSIFICATION NUMBER
Universal Decimal Classification number 005.334
100 ## - MAIN ENTRY--PERSONAL NAME
Personal name Weidner,Stephan
245 ## - TITLE STATEMENT
Title Risk management for Small and medium sized incoming tour operators
245 ## - TITLE STATEMENT
Remainder of title Shown at the ezample of Skylimit S.A.
245 ## - TITLE STATEMENT
Statement of responsibility, etc. Isla Margarita
260 ## - PUBLICATION, DISTRIBUTION, ETC.
Place of publication, distribution, etc. Germany
260 ## - PUBLICATION, DISTRIBUTION, ETC.
Name of publisher, distributor, etc. Grin Verlag
260 ## - PUBLICATION, DISTRIBUTION, ETC.
Date of publication, distribution, etc. 2009
300 ## - PHYSICAL DESCRIPTION
Extent 114p.21cm.
653 ## - INDEX TERM--UNCONTROLLED
Uncontrolled term Risk management for Small and medium sized incoming tour operators
942 ## - ADDED ENTRY ELEMENTS (KOHA)
Koha item type წიგნი
ეგზემპლარები
Withdrawn status Lost status Damaged status Not for loan Date acquired Barcode Date last seen Price effective from Koha item type
        2018-12-17 35947 2018-12-17 2018-12-17 წიგნი